| Tag |
First Indicator |
Second Indicator |
Subfields |
| LEADER |
00000cam a2200000 4500 |
| 001 |
in00000032857 |
| 005 |
20151007063238.0 |
| 008 |
730227s1952 nyu 00001 eng u |
| 010 |
|
|
|a 52012286
|
| 035 |
|
|
|a (OCoLC)00564840
|
| 035 |
|
|
|9 AAD6902AM
|
| 040 |
|
|
|c KSU
|d OCL
|d TXA
|d UtOrBLW
|
| 049 |
|
|
|a TXAM
|c [215010]
|
| 050 |
|
0 |
|a PZ4.S983
|b Ce
|
| 090 |
|
|
|a PS3569.Y45
|b C4 1952
|
| 092 |
|
|
|a 813
|b S983c
|
| 100 |
1 |
|
|a Sykes, Gerald,
|d 1903-
|
| 245 |
1 |
4 |
|a The center of the stage :
|b a novel /
|c by Gerald Sykes.
|
| 264 |
|
1 |
|a New York :
|b Farrar, Straus and Young,
|c [1952]
|
| 264 |
|
4 |
|c ©1952
|
| 300 |
|
|
|a 290 pages ;
|c 22 cm.
|
| 336 |
|
|
|a text
|b txt
|2 rdacontent
|
| 337 |
|
|
|a unmediated
|b n
|2 rdamedia
|
| 338 |
|
|
|a volume
|b nc
|2 rdacarrier
|
| 999 |
|
|
|a MARS
|
| 999 |
f |
f |
|s 02272ffd-ebc8-309b-b231-892c77202e96
|i dc5e20ba-d2ba-3504-9c52-629e81b91744
|t 0
|
| 952 |
f |
f |
|p ric
|a Texas A&M University
|b Rellis Campus
|c Joint Library Facility
|d Remote Storage
|t 0
|e PS3569.Y45 C4 1952
|h Library of Congress classification
|i unmediated -- volume
|m A14801252584
|
| 998 |
f |
f |
|a PS3569.Y45 C4 1952
|t 0
|l Remote Storage
|